Monogràfic : programes de garantia social : actualitzat : febrer 1999 programes de garantia social :
Descripción Física:
79 p. ; 30 cm
MARC
| LEADER | 00000nam a2200000Ia 4500 | ||
|---|---|---|---|
| 001 | 24240 | ||
| 008 | 160829s1999 xx 000 0 cat d | ||
| 080 | |a Bib-200 | ||
| 245 | |a Monogràfic : |b programes de garantia social : |b actualitzat : |b febrer 1999 | ||
| 260 | |a Barcelona : |b Diputació de Barcelona, Àrea d'Educació, |c 1999 | ||
| 300 | |a 79 p. ; |c 30 cm | ||
| 590 | |a Text en català i en castellà | ||
| 650 | |a Formació professional |x Dret i legislació |x Catalunya |9 50173 | ||
| 650 | 0 | |a Mercat de treball |z Catalunya |9 10924 | |
| 650 | |a Reforma de l'educació |x Espanya I |9 50174 | ||
| 650 | |a Articles de diaris |9 50175 | ||
| 651 | 0 | |a Catalunya |x Política social |9 55204 | |
| 710 | |a Barcelona (Catalunya : Província). |b Àrea d'Educació |9 8009 | ||
| 901 | |a Arxiu | ||
| 942 | |n 1 | ||
| 952 | |0 0 |1 0 |4 0 |6 BIB200 |7 1 |9 55819 |a Arxiu |b Arxiu |d 2016-12-01 |l 0 |o Bib-200 |p 24240 |r 2016-12-01 00:00:00 |w 2016-12-01 |y ARXIU | ||
| 999 | |c 59692 |d 59692 | ||